La doble crisis / (Record no. 81692)
[ view plain ]
| 000 -LEADER | |
|---|---|
| campo de control de longitud fija | 00907nam a2200253 i 4500 |
| 001 - NÚMERO DE CONTROL | |
| campo de control | 81692 |
| 003 - IDENTIFICADOR DE NÚMERO DE CONTROL | |
| campo de control | ES-MaACL |
| 005 - FECHA Y HORA DE LA ÚLTIMA TRANSACCIÓN | |
| campo de control | 20241025125010.0 |
| 007 - CAMPO FIJO DE DESCRIPCIÓN FÍSICA--INFORMACIÓN GENERAL | |
| campo de control de longitud fija | t| |
| 008 - DATOS DE LONGITUD FIJA--INFORMACIÓN GENERAL | |
| campo de control de longitud fija | 041105s1949 ag ||||1| spa d |
| 100 1# - ENTRADA PRINCIPAL--NOMBRE DE PERSONA | |
| Nombre de persona | Huxley, Aldous, |
| Fechas asociadas al nombre | 1894-1963 |
| 9 (RLIN) | 64858 |
| 245 13 - MENCIÓN DEL TÍTULO | |
| Título | La doble crisis / |
| Mención de responsabilidad, etc. | por Aldous Huxley. La salida / por John Russell ; traducción de C.A. Jordans. |
| 260 ## - PUBLICACIÓN, DISTRIBUCIÓN, ETC. | |
| Lugar de publicación, distribución, etc. | Buenos Aires : |
| Nombre del editor, distribuidor, etc. | Edit. Sudamericana, |
| Fecha de publicación, distribución, etc. | [1949] ( |
| Fabricante | Compañía Impresora Argentina) |
| 300 ## - DESCRIPCIÓN FÍSICA | |
| Extensión | 79 p. ; |
| Dimensiones | 17 cm. |
| 490 1# - MENCIÓN DE SERIE | |
| Mención de serie | Series de la Unesco |
| 500 ## - NOTA GENERAL | |
| Nota general | [Edición en español debidamente autorizada por la Organización de las Naciones Unidas] |
| 700 1# - ENTRADA AGREGADA--NOMBRE PERSONAL | |
| Nombre de persona | Russell, John. |
| 9 (RLIN) | 101044 |
| 700 1# - ENTRADA AGREGADA--NOMBRE PERSONAL | |
| Nombre de persona | Jordans, C. A. |
| 9 (RLIN) | 66944 |
| 740 3# - ENTRADA AGREGADA--TÍTULO RELACIONADO/ANALÍTICO NO CONTROLADO | |
| Título relacionado o analítico no controlado | La salida. |
| 830 0# - PUNTO DE ACCESO ADICIONAL DE SERIE-TÍTULO UNIFORME | |
| Título uniforme | Series de la Unesco |
| 9 (RLIN) | 231544 |
| 852 ## - LOCALIZACIÓN | |
| Ubicación | ES-MaACL |
| Número de control de estantería | D-7488 |
| Sublocalización o colección | R.30327 |
| -- | R.M.7064 |
| Ubicación en estantería | Sala Valle Inclán |
| itemnumber | 84709 |
| 942 ## - ELEMENTOS DE ENTRADA SECUNDARIOS (KOHA) | |
| Fuente del sistema de clasificación o colocación | Clasificación decimal universal |
| Estatus retirado | Estado de pérdida | Estado de daño | No para préstamo | Biblioteca de origen | Biblioteca actual | Ubicación en estantería | Fecha de adquisición | Fuente de adquisición | Total de préstamos | Signatura topográfica completa | Código de barras | Visto por última vez | Precio de reemplazo | Tipo de ítem Koha |
|---|---|---|---|---|---|---|---|---|---|---|---|---|---|---|
| Biblioteca del Ateneo de Madrid | Biblioteca del Ateneo de Madrid | Sala Valle Inclán | 17/01/2008 | D-7488 | 901085388 | 23/02/2023 | 23/02/2023 | Libro impreso |
